000 00626nam a2200181Ia 4500
005 20250508161827.0
008 008 250505s9999 xx 000 0 eng d
037 _aBooks to be hide in OPAC
040 _aFEDL
_beng
_cFEDL
041 _aeng
_2eng
084 _a370, IND/O
_qFEDL
245 0 _aCentral advisory board of education: 37th session November 4-5, 1974 New Delhi
245 0 _cMinistry of Education and Social Welfare. Government of India
260 _aNew Delhi, India
_bMinistry of Education and Social Welfare
_c1975
300 _aii,88p.
942 _cHB
_h370, IND/O
999 _c1372490
_d1372490